[Event "4NCL/Div2/SWD1 vs. BGR3"]
[Site "Birmingham ENG"]
[Date "2001.09.22"]
[Round "1.4"]
[White "Garner, David"]
[Black "Dineley, Richard D.P"]
[Result "1/2-1/2"]
[WhiteElo "2161"]
[BlackElo "2276"]
[PlyCount "36"]
[EventDate "2001.09.22"]
[SourceDate "2001.01.01"]

1. e4 c5 2. c3 e6 3. d4 d5 4. exd5 exd5 5. Nf3 Nc6 6. Bb5 Nf6 7. O-O Be7 8.
dxc5 Bxc5 9. Nbd2 O-O 10. Nb3 Bd6 11. Bg5 Be6 12. Nbd4 Rc8 13. h3 h6 14. Bh4
Bc5 15. Re1 Re8 16. Qd3 Bd7 17. Nf5 Bxf5 18. Qxf5 Qd7 1/2-1/2

[Event "4NCL/Div2/SWD1 vs. BGR3"]
[Site "Birmingham ENG"]
[Date "2001.09.22"]
[Round "1.5"]
[White "Johnston, Dafydd"]
[Black "Lock, Gavin R"]
[Result "1-0"]
[WhiteElo "2217"]
[BlackElo "2136"]
[PlyCount "67"]
[EventDate "2001.09.22"]
[SourceDate "2001.01.01"]

1. e4 e6 2. d4 d5 3. Nc3 Nf6 4. e5 Nfd7 5. f4 c5 6. Nf3 Nc6 7. Be3 cxd4 8. Nxd4
Bc5 9. Qd2 O-O 10. O-O-O a6 11. h4 Nxd4 12. Bxd4 b5 13. Rh3 b4 14. Na4 Bxd4 15.
Qxd4 a5 16. f5 f6 17. exf6 Qxf6 18. Qxf6 Nxf6 19. Nb6 Rb8 20. Nxc8 Rbxc8 21.
fxe6 Rce8 22. Re3 Ne4 23. Be2 Rf5 24. Bb5 Re7 25. g4 Rf8 26. Rxd5 Nf6 27. Rd4
Rb8 28. Bc4 g6 29. g5 Nh5 30. Rd7 Rbe8 31. Rf3 Ng7 32. Rf7 Nf5 33. Kd2 Kh8 34.
Rdxe7 1-0

[Event "4NCL/Div2/SWD1 vs. BGR3"]
[Site "Birmingham ENG"]
[Date "2001.09.22"]
[Round "1.6"]
[White "Shaw, David A"]
[Black "James, David J"]
[Result "0-1"]
[WhiteElo "2114"]
[BlackElo "2244"]
[PlyCount "66"]
[EventDate "2001.09.22"]
[SourceDate "2001.01.01"]

1. e4 c5 2. Nf3 d6 3. Bb5+ Bd7 4. Bxd7+ Qxd7 5. O-O Nc6 6. c4 Nf6 7. Nc3 e6 8.
d4 cxd4 9. Nxd4 Be7 10. b3 O-O 11. Bb2 a6 12. Re1 Rfd8 13. Qd2 Rab8 14. Rad1
Qc7 15. Nxc6 bxc6 16. Qe2 Nd7 17. Na4 c5 18. Rd3 Bf6 19. Red1 Bxb2 20. Qxb2 Ne5
21. Rg3 g6 22. Qd2 Qe7 23. Nc3 Nc6 24. Rd3 Nd4 25. Ne2 e5 26. Nc3 f5 27. Nd5
Qf7 28. Qg5 Kh8 29. Rh3 Rg8 30. Rh6 Rg7 31. Rd3 fxe4 32. Re3 Rf8 33. Qg3 Nf5
0-1

[Event "4NCL/Div2/SWD1 vs. BGR3"]
[Site "Birmingham ENG"]
[Date "2001.09.22"]
[Round "1.7"]
[White "Morris, Charles F"]
[Black "Wheeler, Darren P"]
[Result "1/2-1/2"]
[WhiteElo "2228"]
[BlackElo "2120"]
[PlyCount "63"]
[EventDate "2001.09.22"]
[SourceDate "2001.01.01"]

1. c4 e6 2. Nf3 d5 3. b3 c5 4. Bb2 Nc6 5. g3 d4 6. Bg2 e5 7. d3 f5 8. O-O Nf6
9. e3 Be7 10. exd4 exd4 11. Re1 O-O 12. Ng5 h6 13. Ne6 Bxe6 14. Rxe6 Qd7 15.
Re1 Bd6 16. Nd2 Ne5 17. Nf3 Nf7 18. b4 g5 19. bxc5 Bxc5 20. Ne5 Qc7 21. Nxf7
Rxf7 22. Re6 f4 23. Bc1 fxg3 24. hxg3 Kg7 25. Rb1 Rb8 26. f4 g4 27. Kf2 b6 28.
f5 Bd6 29. Rxd6 Qxd6 30. Bf4 Qd8 31. Qh1 Qh8 32. Bxb8 1/2-1/2

[Event "4NCL/Div2/SWD1 vs. BGR3"]
[Site "Birmingham ENG"]
[Date "2001.09.22"]
[Round "1.8"]
[White "Barraclough, Stephanie"]
[Black "Cast, Abigail"]
[Result "1/2-1/2"]
[WhiteElo "1296"]
[BlackElo "2122"]
[PlyCount "75"]
[EventDate "2001.09.22"]
[SourceDate "2001.01.01"]

1. e4 e6 2. d3 d5 3. Nd2 c5 4. g3 Nc6 5. Bg2 Nf6 6. Ngf3 Be7 7. O-O Qc7 8. Re1
b5 9. Nf1 Bb7 10. Bf4 e5 11. Bg5 d4 12. Nh4 h6 13. Bd2 Nd7 14. Nf5 Bf6 15. f4
Nf8 16. fxe5 Nxe5 17. Bf4 Ne6 18. Bc1 h5 19. Nd2 h4 20. Nf3 hxg3 21. Nxg3 Ng4
22. h3 Qxg3 23. hxg4 Qxg4 24. Rf1 Nf4 25. Bxf4 Qxf4 26. Qe2 Bc8 27. e5 Be7 28.
Nh4 Qxh4 29. Bxa8 Qg3+ 30. Qg2 Qe3+ 31. Qf2 Qg5+ 32. Bg2 Be6 33. Rae1 Qg6 34.
a3 Bh4 35. Qf3 Bxe1 36. Qa8+ Ke7 37. Qxh8 Bd5 38. Qh3 1/2-1/2

[Event "4NCL/Div2/PPA1 vs. SWD1"]
[Site "Birmingham ENG"]
[Date "2001.09.23"]
[Round "2.1"]
[White "Waddington, Michael"]
[Black "Cobb, James E"]
[Result "1-0"]
[WhiteElo "2353"]
[BlackElo "2348"]
[PlyCount "67"]
[EventDate "2001.09.23"]
[SourceDate "2001.01.01"]

1. Nc3 d5 2. e4 e6 3. Nf3 Nf6 4. e5 Nfd7 5. d4 c5 6. dxc5 Nc6 7. Bb5 Bxc5 8.
O-O a6 9. Bxc6 bxc6 10. Bf4 O-O 11. Qd2 a5 12. Rfe1 f6 13. Bg3 Qe8 14. exf6
Nxf6 15. a3 a4 16. Rad1 Nh5 17. Be5 Qg6 18. Kh1 Nf6 19. Bg3 Nh5 20. Be5 Ra7 21.
Nd4 Bb7 22. f3 Ba8 23. Nce2 Bb6 24. Qb4 Ra6 25. Qc3 c5 26. Nb5 d4 27. Qd3 Qg5
28. Ng3 Nf4 29. Bxf4 Rxf4 30. Rxe6 Bd5 31. Re8+ Kf7 32. Nd6+ Kf6 33. Qxa6 Rh4
34. Nde4+ 1-0

[Event "4NCL/Div2/PPA1 vs. SWD1"]
[Site "Birmingham ENG"]
[Date "2001.09.23"]
[Round "2.2"]
[White "Cooper, John G"]
[Black "Swanson, Stephen"]
[Result "1/2-1/2"]
[WhiteElo "2332"]
[BlackElo "2277"]
[PlyCount "57"]
[EventDate "2001.09.23"]
[SourceDate "2001.01.01"]

1. d4 g6 2. e4 Bg7 3. Nf3 d6 4. Be2 Nf6 5. Nc3 O-O 6. O-O c6 7. Re1 Qa5 8. e5
dxe5 9. Nxe5 Be6 10. Bf4 Nd5 11. Nxd5 cxd5 12. c3 Nc6 13. Bd3 Qb6 14. Qd2 Rae8
15. h4 Nxe5 16. Bxe5 f6 17. Bc7 Qc6 18. Bf4 Bf7 19. Bh6 e5 20. Bxg7 Kxg7 21.
dxe5 fxe5 22. h5 Qf6 23. h6+ Kg8 24. Rad1 a6 25. Bc2 Rd8 26. Bb3 d4 27. Bxf7+
Rxf7 28. cxd4 exd4 29. Re4 1/2-1/2

[Event "4NCL/Div2/PPA1 vs. SWD1"]
[Site "Birmingham ENG"]
[Date "2001.09.23"]
[Round "2.3"]
[White "Harley, Andrew"]
[Black "Johnston, Dafydd"]
[Result "1-0"]
[WhiteElo "2283"]
[BlackElo "2217"]
[PlyCount "47"]
[EventDate "2001.09.23"]
[SourceDate "2001.01.01"]

1. e4 d5 2. exd5 Nf6 3. d4 Bg4 4. Bb5+ Nbd7 5. f3 Bf5 6. c4 e6 7. dxe6 Bxe6 8.
c5 c6 9. Ba4 Nd5 10. Nc3 Qh4+ 11. g3 Qh5 12. h4 O-O-O 13. Nxd5 Bxd5 14. b4 Be7
15. Kf2 Rhe8 16. g4 Bxh4+ 17. Kf1 Qg6 18. Rxh4 Ne5 19. Bc2 Qf6 20. g5 Qe6 21.
Qe1 Bc4+ 22. Kg2 Qd5 23. dxe5 Rxe5 24. Be4 1-0

[Event "4NCL/Div2/PPA1 vs. SWD1"]
[Site "Birmingham ENG"]
[Date "2001.09.23"]
[Round "2.4"]
[White "Dineley, Richard D.P"]
[Black "Moore, Gerald"]
[Result "1/2-1/2"]
[WhiteElo "2276"]
[BlackElo "2194"]
[PlyCount "63"]
[EventDate "2001.09.23"]
[SourceDate "2001.01.01"]

1. e4 d5 2. exd5 Qxd5 3. Nc3 Qa5 4. d4 c6 5. Nf3 Nf6 6. Bc4 Bf5 7. Ne5 e6 8. g4
Bg6 9. h4 Nbd7 10. Nxd7 Nxd7 11. h5 Be4 12. Rh3 Bd5 13. Bf1 c5 14. Be3 O-O-O
15. Qe2 Be7 16. Qb5 Qxb5 17. Nxb5 a6 18. Nc3 Bc6 19. O-O-O Nf6 20. Be2 cxd4 21.
Bxd4 Bd6 22. h6 Bf4+ 23. Kb1 e5 24. hxg7 Rhg8 25. Be3 Rxd1+ 26. Nxd1 Rxg7 27.
Bxf4 exf4 28. f3 h5 29. Nf2 hxg4 30. fxg4 f3 31. Bxf3 Bxf3 32. Rxf3 1/2-1/2

[Event "4NCL/Div2/PPA1 vs. SWD1"]
[Site "Birmingham ENG"]
[Date "2001.09.23"]
[Round "2.5"]
[White "Rosen, Daniel B"]
[Black "Zeidler, Sven P"]
[Result "1/2-1/2"]
[WhiteElo "2230"]
[BlackElo "2293"]
[PlyCount "98"]
[EventDate "2001.09.23"]
[SourceDate "2001.01.01"]

1. e4 d5 2. exd5 Qxd5 3. Nc3 Qa5 4. d4 Nf6 5. Bc4 Nc6 6. Nge2 Be6 7. Bxe6 fxe6
8. O-O O-O-O 9. Qd3 Qf5 10. Qc4 Nd5 11. Be3 g6 12. Nxd5 exd5 13. Qa4 h5 14. b4
h4 15. b5 Nb8 16. h3 g5 17. f3 Qe6 18. Qb3 Bh6 19. Rfe1 g4 20. Bxh6 gxf3 21.
Bg7 f2+ 22. Kxf2 Qf7+ 23. Qf3 Qxg7 24. Kg1 Rhg8 25. c3 Rd6 26. Nf4 Rf6 27. Re2
Nd7 28. Rae1 e5 29. dxe5 Nxe5 30. Rxe5 Rxf4 31. Re8+ Rxe8 32. Rxe8+ Kd7 33.
Qxf4 Kxe8 34. Qxh4 Qxc3 35. Qh5+ Ke7 36. Qxd5 c6 37. bxc6 bxc6 38. Qe4+ Kd6 39.
Qf4+ Ke6 40. Qh6+ Kd5 41. Qh5+ Kd6 42. Qg6+ Kc7 43. Qf7+ Kd6 44. Qxa7 c5 45.
Qb8+ Kc6 46. Qe8+ Kb6 47. Qe6+ Ka5 48. Kf2 Qd2+ 49. Qe2 Qf4+ 1/2-1/2

[Event "4NCL/Div2/PPA1 vs. SWD1"]
[Site "Birmingham ENG"]
[Date "2001.09.23"]
[Round "2.6"]
[White "James, David J"]
[Black "Byway, Paul"]
[Result "1-0"]
[WhiteElo "2244"]
[BlackElo "2229"]
[PlyCount "115"]
[EventDate "2001.09.23"]
[SourceDate "2001.01.01"]

1. d4 Nf6 2. c4 e6 3. Nc3 Bb4 4. Qc2 d5 5. a3 Bxc3+ 6. Qxc3 Ne4 7. Qc2 Nc6 8.
Nf3 e5 9. e3 Bf5 10. Bd3 exd4 11. Nxd4 Nxd4 12. exd4 O-O 13. O-O Re8 14. f3
dxc4 15. Bxe4 Bxe4 16. fxe4 Qxd4+ 17. Qf2 Qxf2+ 18. Kxf2 Rxe4 19. Be3 b6 20.
Rad1 a5 21. Rd7 Rae8 22. Re1 c5 23. Bd2 Kf8 24. Rd6 Rxe1 25. Bxe1 Rb8 26. Rd7
a4 27. Bd2 b5 28. Be3 Ke8 29. Rc7 b4 30. Bxc5 c3 31. bxc3 b3 32. Re7+ Kd8 33.
Re1 Rb5 34. Bd4 f6 35. c4 Rf5+ 36. Ke3 Rh5 37. Kd3 Rxh2 38. Re2 Rh1 39. Kc3 Rd1
40. Rd2 Rc1+ 41. Kb4 Kc7 42. Bb2 Re1 43. Kxa4 Re3 44. Kb4 h5 45. Bc3 h4 46.
Kxb3 Kc6 47. Kb4 Rg3 48. a4 f5 49. a5 g5 50. Be5 f4 51. Bf6 f3 52. gxf3 h3 53.
Rh2 Rxf3 54. Bxg5 Rg3 55. Bf6 Rd3 56. Re2 Rg3 57. Be5 Rd3 58. Ra2 1-0

[Event "4NCL/Div2/PPA1 vs. SWD1"]
[Site "Birmingham ENG"]
[Date "2001.09.23"]
[Round "2.7"]
[White "Hammond, Andrew J.C"]
[Black "Morris, Charles F"]
[Result "1-0"]
[WhiteElo "2213"]
[BlackElo "2228"]
[PlyCount "85"]
[EventDate "2001.09.23"]
[SourceDate "2001.01.01"]

1. d4 d5 2. Nf3 c6 3. e3 Bg4 4. c4 e6 5. Nbd2 Nd7 6. Bd3 Ngf6 7. O-O Bd6 8. b3
Qe7 9. Re1 Bb4 10. Qc2 Bxf3 11. gxf3 e5 12. Bb2 e4 13. Be2 exf3 14. Bxf3 Ne4
15. Bxe4 dxe4 16. Kh1 f5 17. Rg1 Nf6 18. d5 Rd8 19. Rad1 Ng4 20. Nxe4 Qh4 21.
Rg2 O-O 22. Ng3 g6 23. Rd4 Bc5 24. Rf4 Bd6 25. Rxg4 Qxg4 26. h3 Qh4 27. Qc3 Kf7
28. Qg7+ Ke8 29. Qxb7 cxd5 30. Qxd5 Qxh3+ 31. Kg1 Be7 32. Qc6+ Kf7 33. Bd4 f4
34. Rh2 Qg4 35. Rxh7+ Kg8 36. Rg7+ Kh8 37. Rxg6+ Rxd4 38. Rxg4 Rd1+ 39. Kg2 f3+
40. Kh2 Rf6 41. Qe8+ Kh7 42. Qg8+ Kh6 43. Qh8# 1-0

[Event "4NCL/Div2/PPA1 vs. SWD1"]
[Site "Birmingham ENG"]
[Date "2001.09.23"]
[Round "2.8"]
[White "Cast, Abigail"]
[Black "Connolly, Suzanne"]
[Result "1/2-1/2"]
[WhiteElo "2122"]
[BlackElo "2083"]
[PlyCount "76"]
[EventDate "2001.09.23"]
[SourceDate "2001.01.01"]

1. d4 d5 2. c4 c6 3. Nc3 Nf6 4. Nf3 dxc4 5. e3 Bf5 6. Bxc4 e6 7. O-O Nbd7 8.
Re1 Be7 9. Qb3 Qb6 10. e4 Qxb3 11. Bxb3 Bg4 12. d5 Bxf3 13. gxf3 Nc5 14. dxc6
bxc6 15. Bc4 O-O 16. Bg5 h6 17. Be3 Rfd8 18. Red1 Rd7 19. Rac1 Rb7 20. b3 Kf8
21. Bf4 Ke8 22. Bd6 Rd8 23. Be5 Rxd1+ 24. Rxd1 Rd7 25. Rxd7 Ncxd7 26. Bd4 Bc5
27. Bxc5 Nxc5 28. Kf1 Nfd7 29. f4 Nb6 30. Be2 a5 31. f3 Ke7 32. Kf2 f6 33. Ke3
Kd6 34. Kd4 e5+ 35. Ke3 Ne6 36. f5 Nf4 37. Bf1 Kc5 38. a3 Kd6 1/2-1/2

[Event "4NCL/Div2/BGR3 vs. BAR3"]
[Site "Birmingham ENG"]
[Date "2001.09.23"]
[Round "2.1"]
[White "Broom, Mark"]
[Black "Collins, Sam"]
[Result "0-1"]
[WhiteElo "2240"]
[BlackElo "2194"]
[PlyCount "104"]
[EventDate "2001.09.23"]
[SourceDate "2001.01.01"]

1. c4 g6 2. g3 Nf6 3. Bg2 Bg7 4. Nc3 O-O 5. e4 e5 6. Nge2 Nc6 7. O-O d6 8. f4
a6 9. d3 Rb8 10. a4 a5 11. Nd5 Nxd5 12. cxd5 Nb4 13. fxe5 dxe5 14. b3 c6 15.
Ba3 cxd5 16. exd5 Nxd5 17. Bxf8 Bxf8 18. Qc1 Bg4 19. Qc4 Be6 20. Qb5 Ne3 21.
Qxe5 Nxf1 22. Rxf1 Qb6+ 23. Kh1 Rd8 24. Nf4 Bd6 25. Qf6 Bxf4 26. Qxf4 Rxd3 27.
h4 Qd6 28. Qxd6 Rxd6 29. Bxb7 Rb6 30. Be4 Rxb3 31. Kg2 Rb4 32. Bc6 Rc4 33. Bb5
Bd5+ 34. Kf2 Rc3 35. Rd1 Be4 36. Rd4 f5 37. g4 Rf3+ 38. Ke2 Rh3 39. Bc4+ Kg7
40. Rd7+ Kf6 41. g5+ Ke5 42. Rxh7 Rh2+ 43. Kd1 f4 44. Bb5 Kd4 45. Kc1 Ke3 46.
h5 Rh1+ 47. Kb2 Rxh5 48. Re7 f3 49. Rc7 Rxg5 50. Rc3+ Kf4 51. Rc1 f2 52. Rf1
Ke3 0-1

[Event "4NCL/Div2/BGR3 vs. BAR3"]
[Site "Birmingham ENG"]
[Date "2001.09.23"]
[Round "2.2"]
[White "Tucker, Alex E"]
[Black "Garner, David"]
[Result "1/2-1/2"]
[WhiteElo "2215"]
[BlackElo "2161"]
[PlyCount "47"]
[EventDate "2001.09.23"]
[SourceDate "2001.01.01"]

1. d4 Nf6 2. Bg5 Ne4 3. Bf4 d5 4. e3 c6 5. Nd2 Bf5 6. Bd3 Qa5 7. f3 Nxd2 8.
Qxd2 Qxd2+ 9. Kxd2 Bxd3 10. cxd3 Nd7 11. Ne2 f6 12. Bg3 e5 13. a3 Bd6 14. dxe5
fxe5 15. e4 dxe4 16. dxe4 Nc5 17. Kc2 Ne6 18. Rhd1 O-O-O 19. Rd2 Rd7 20. Rad1
Rhd8 21. Bh4 Be7 22. Rxd7 Rxd7 23. Rxd7 Kxd7 24. Bxe7 1/2-1/2

[Event "4NCL/Div2/BGR3 vs. BAR3"]
[Site "Birmingham ENG"]
[Date "2001.09.23"]
[Round "2.3"]
[White "Cafferty, Bernard"]
[Black "Taylor, Peter"]
[Result "1/2-1/2"]
[WhiteElo "2182"]
[BlackElo "2210"]
[PlyCount "50"]
[EventDate "2001.09.23"]
[SourceDate "2001.01.01"]

1. c4 e5 2. Nc3 Nf6 3. Nf3 Nc6 4. d4 exd4 5. Nxd4 Bb4 6. Bg5 h6 7. Bh4 Ne5 8.
e3 O-O 9. Be2 Ng6 10. Bg3 Ne4 11. Qc2 Re8 12. O-O Bxc3 13. bxc3 d6 14. Rfd1
Nxg3 15. hxg3 Qe7 16. Rab1 Ne5 17. Re1 a6 18. f4 Nd7 19. Bf3 Nc5 20. e4 Bd7 21.
Nb3 Nxb3 22. axb3 Bc6 23. Re2 Qf6 24. Rbe1 Rad8 25. Kh2 Qg6 1/2-1/2

[Event "4NCL/Div2/BGR3 vs. BAR3"]
[Site "Birmingham ENG"]
[Date "2001.09.23"]
[Round "2.4"]
[White "D'Costa, Lorin"]
[Black "Cooper, Andrew"]
[Result "1-0"]
[WhiteElo "2155"]
[BlackElo "2163"]
[PlyCount "45"]
[EventDate "2001.09.23"]
[SourceDate "2001.01.01"]

1. d4 e6 2. Nf3 Nf6 3. c4 Bb4+ 4. Bd2 c5 5. Bxb4 cxb4 6. a3 bxa3 7. Rxa3 O-O 8.
e3 d6 9. Nc3 Nc6 10. Be2 e5 11. h3 Re8 12. O-O Bf5 13. Re1 Qb6 14. Rb3 Nb4 15.
Qd2 a5 16. Ra1 Qc6 17. dxe5 dxe5 18. Nxe5 Rxe5 19. Rxb4 b6 20. Rb5 Rxb5 21.
Nxb5 Re8 22. Qd6 Qe4 23. Qxb6 1-0

[Event "4NCL/Div2/BGR3 vs. BAR3"]
[Site "Birmingham ENG"]
[Date "2001.09.23"]
[Round "2.5"]
[White "Lock, Gavin R"]
[Black "Rich, Mark"]
[Result "0-1"]
[WhiteElo "2136"]
[BlackElo "2170"]
[PlyCount "50"]
[EventDate "2001.09.23"]
[SourceDate "2001.01.01"]

1. d4 g6 2. e4 Bg7 3. Nc3 d6 4. Be3 c6 5. Qd2 b5 6. Bd3 Nd7 7. Nf3 Qc7 8. a4 b4
9. Ne2 c5 10. Ng3 h5 11. c3 c4 12. Bb1 b3 13. Ng5 Nh6 14. h3 Nf8 15. f4 h4 16.
Ne2 d5 17. O-O a5 18. f5 gxf5 19. exd5 Qd6 20. Qe1 Ng6 21. Nf4 Nxf4 22. Bxf4
Qxd5 23. Qxh4 Ra6 24. Nf3 Rg6 25. Qf2 Bf6 0-1

[Event "4NCL/Div2/BGR3 vs. BAR3"]
[Site "Birmingham ENG"]
[Date "2001.09.23"]
[Round "2.6"]
[White "Regan, Natasha"]
[Black "Shaw, David A"]
[Result "1-0"]
[WhiteElo "2185"]
[BlackElo "2114"]
[PlyCount "83"]
[EventDate "2001.09.23"]
[SourceDate "2001.01.01"]

1. e4 e6 2. d4 d5 3. Nc3 Bb4 4. e5 c5 5. Bd2 Ne7 6. f4 O-O 7. Nf3 b6 8. Nb5
Bxd2+ 9. Qxd2 Ba6 10. Be2 Qd7 11. a4 Nbc6 12. O-O Nf5 13. g4 Nfe7 14. c3 Na5
15. Rae1 c4 16. Nh4 Bxb5 17. axb5 Ng6 18. Ng2 f5 19. exf6 Rxf6 20. g5 Rf7 21.
Bg4 Nf8 22. Nh4 Qxb5 23. f5 Qc6 24. Nf3 Qd6 25. Ne5 Rb7 26. fxe6 Re8 27. Nf7
Qb8 28. Qg2 Rbe7 29. Qxd5 Qb7 30. Qxb7 Nxb7 31. d5 Nc5 32. d6 Rxe6 33. Bxe6
Rxe6 34. Rxe6 Nfxe6 35. Ne5 Nxg5 36. h4 Nge6 37. Rf7 h6 38. Rxa7 Kh7 39. Nxc4
Kg6 40. Nxb6 Kh5 41. b4 Ne4 42. Re7 1-0

[Event "4NCL/Div2/BGR3 vs. BAR3"]
[Site "Birmingham ENG"]
[Date "2001.09.23"]
[Round "2.7"]
[White "Barraclough, David"]
[Black "Kieran, Rosalind"]
[Result "0-1"]
[WhiteElo "1576"]
[BlackElo "2083"]
[PlyCount "48"]
[EventDate "2001.09.23"]
[SourceDate "2001.01.01"]

1. e4 c5 2. Nf3 d6 3. d4 cxd4 4. Nxd4 Nf6 5. Nc3 g6 6. Be3 Bg7 7. f3 Nc6 8. Bc4
O-O 9. Qd2 Bd7 10. O-O-O Qa5 11. g4 Rfc8 12. Bb3 Ne5 13. h4 b5 14. h5 Nc4 15.
Bxc4 bxc4 16. hxg6 fxg6 17. Bh6 Bh8 18. Bg5 Rf8 19. Bxf6 Bxf6 20. Qh2 Rf7 21.
Qg3 Rb8 22. Nd5 Bxd4 23. Rxd4 Qxa2 24. Qh4 Qxb2+ 0-1

[Event "4NCL/Div2/BGR3 vs. BAR3"]
[Site "Birmingham ENG"]
[Date "2001.09.23"]
[Round "2.8"]
[White "Flower, David"]
[Black "Barraclough, Stephanie"]
[Result "1-0"]
[WhiteElo "2089"]
[BlackElo "1296"]
[PlyCount "87"]
[EventDate "2001.09.23"]
[SourceDate "2001.01.01"]

1. g3 Nf6 2. Bg2 g6 3. d3 Bg7 4. e4 d6 5. f4 Nc6 6. c3 e5 7. Nf3 Nh5 8. f5 Nf6
9. Nh4 Ne7 10. O-O c6 11. h3 h6 12. g4 g5 13. Nf3 Qc7 14. Qe2 Bd7 15. a4 Rd8
16. Re1 O-O 17. Be3 c5 18. Nbd2 Rfe8 19. b4 b6 20. d4 cxd4 21. cxd4 Nc6 22. d5
Ne7 23. Qd3 Rc8 24. Qf1 Qb7 25. b5 Rc7 26. Nh2 Rec8 27. Qf2 Rc2 28. Nhf1 Rd8
29. Ng3 Rdc8 30. Bf3 R2c7 31. Qf1 Rd8 32. Nh1 Rdc8 33. Nf2 Rd8 34. Nd3 Rc3 35.
Nb4 Rc7 36. Nc6 Bxc6 37. bxc6 Qc8 38. Qb5 Ne8 39. Nc4 Qb8 40. Reb1 Nc8 41. a5
Re7 42. axb6 axb6 43. Nxb6 Nc7 44. Qf1 1-0

[Event "4NCL/Div2/RIC vs. W&S"]
[Site "Birmingham ENG"]
[Date "2001.09.23"]
[Round "2.1"]
[White "Wall, Gavin"]
[Black "Lappage, Jonathan"]
[Result "1/2-1/2"]
[WhiteElo "2356"]
[BlackElo "2208"]
[PlyCount "73"]
[EventDate "2001.09.23"]
[SourceDate "2001.01.01"]

1. e4 c5 2. Nf3 d6 3. Bb5+ Bd7 4. a4 Nf6 5. d3 Nc6 6. O-O g6 7. Nbd2 Bg7 8. Nc4
O-O 9. Re1 d5 10. exd5 Nxd5 11. c3 a6 12. Bxc6 Bxc6 13. a5 Qc7 14. Nfe5 Rad8
15. Nxc6 Qxc6 16. Qf3 f6 17. h4 e5 18. h5 g5 19. Be3 Rc8 20. Rad1 Qe6 21. Nb6
Nxb6 22. axb6 Qc6 23. Qf5 Rfd8 24. d4 exd4 25. cxd4 Rd5 26. Qf3 c4 27. Re2 Rcd8
28. Rc1 h6 29. Rec2 Qxb6 30. Rxc4 Qxb2 31. Rc8 Qb3 32. R1c7 Rxc8 33. Rxc8+ Kh7
34. Qe4+ f5 35. Qe6 Qd1+ 36. Kh2 Qxh5+ 37. Kg1 1/2-1/2

[Event "4NCL/Div2/RIC vs. W&S"]
[Site "Birmingham ENG"]
[Date "2001.09.23"]
[Round "2.2"]
[White "Headlong, Timothy"]
[Black "Bates, Richard A"]
[Result "1/2-1/2"]
[WhiteElo "2244"]
[BlackElo "2363"]
[PlyCount "60"]
[EventDate "2001.09.23"]
[SourceDate "2001.01.01"]

1. Nf3 Nf6 2. c4 g6 3. Nc3 Bg7 4. d4 O-O 5. e4 d6 6. Be2 Na6 7. O-O e5 8. Be3
Ng4 9. Bg5 Qe8 10. dxe5 dxe5 11. h3 h6 12. Bc1 Nf6 13. Be3 Qe7 14. Nd5 Qd8 15.
Nxf6+ Qxf6 16. c5 Nb8 17. b4 Nc6 18. b5 Nd4 19. Bxd4 exd4 20. e5 Qd8 21. Bc4
Re8 22. Re1 Be6 23. Qd3 Qe7 24. Bxe6 Qxe6 25. Qxd4 a6 26. a4 axb5 27. axb5 Rxa1
28. Rxa1 Bxe5 29. Nxe5 Qxe5 30. Qxe5 Rxe5 1/2-1/2

[Event "4NCL/Div2/RIC vs. W&S"]
[Site "Birmingham ENG"]
[Date "2001.09.23"]
[Round "2.3"]
[White "Hinks-Edwards, Thomas"]
[Black "Haydon, Richard"]
[Result "1-0"]
[WhiteElo "2316"]
[BlackElo "2191"]
[PlyCount "135"]
[EventDate "2001.09.23"]
[SourceDate "2001.01.01"]

1. d4 d6 2. e4 g6 3. Nf3 Bg7 4. h3 Nf6 5. Bd3 O-O 6. O-O Nc6 7. c3 e5 8. Re1 a6
9. a4 h6 10. Na3 Nh5 11. Bc4 Qf6 12. Bd5 Nb8 13. a5 Nf4 14. Bxf4 Qxf4 15. dxe5
dxe5 16. Nc2 Qf6 17. Ne3 c6 18. Ba2 Rd8 19. Qe2 Be6 20. Bxe6 Qxe6 21. Qc4 Qe7
22. Qb3 Qc7 23. Qb6 Qc8 24. Nc4 Nd7 25. Qe3 Qc7 26. Nfd2 Bf8 27. Nb6 Nxb6 28.
axb6 Qe7 29. Nc4 Qe6 30. Qe2 Rd7 31. Qg4 Qxg4 32. hxg4 f6 33. Red1 Rad8 34.
Rxd7 Rxd7 35. Kf1 Kf7 36. Ke2 Ke6 37. g3 g5 38. Rh1 Kf7 39. b3 Ke6 40. f3 Kf7
41. Rd1 Ke6 42. Rb1 Be7 43. Rh1 Bf8 44. b4 c5 45. bxc5 Bxc5 46. Rxh6 a5 47. Rh8
a4 48. Re8+ Kf7 49. Rc8 Be7 50. Ra8 a3 51. Nxa3 Bxa3 52. Rxa3 Rd6 53. Rb3 Rc6
54. f4 exf4 55. gxf4 gxf4 56. Kf3 Ke6 57. Kxf4 Rc5 58. Ke3 Kd6 59. Kd4 Rg5 60.
c4 Rxg4 61. c5+ Kc6 62. Rf3 Rg6 63. Rf5 Kb5 64. Kd5 Rg1 65. Kd6 Rc1 66. Rxf6
Rd1+ 67. Kc7 Kxc5 68. Rf5+ 1-0

[Event "4NCL/Div2/RIC vs. W&S"]
[Site "Birmingham ENG"]
[Date "2001.09.23"]
[Round "2.4"]
[White "Churm, Rohan M"]
[Black "Webb, Laurence E"]
[Result "0-1"]
[WhiteElo "2143"]
[BlackElo "2250"]
[PlyCount "72"]
[EventDate "2001.09.23"]
[SourceDate "2001.01.01"]

1. d4 Nf6 2. Nf3 e6 3. g3 c5 4. Bg2 cxd4 5. Nxd4 d5 6. c4 e5 7. Nf3 d4 8. O-O
Nc6 9. b4 Bxb4 10. Nxe5 Nxe5 11. Qa4+ Nc6 12. Bxc6+ bxc6 13. Qxb4 Qb6 14. Ba3
Qxb4 15. Bxb4 Bh3 16. Rd1 O-O-O 17. Nd2 Rhe8 18. Nf3 Ne4 19. Ba5 Nc3 20. Bxd8
Nxe2+ 21. Kh1 Rxd8 22. Rd2 d3 23. Ne5 Bf5 24. Kg2 Nd4 25. g4 Be4+ 26. f3 Nc2
27. Rb1 f6 28. fxe4 fxe5 29. Kf3 Nd4+ 30. Ke3 Rf8 31. Rxd3 Rf3+ 32. Kd2 Rf2+
33. Kc3 Rxa2 34. Kb4 Kc7 35. Rf1 a5+ 36. Kc5 Ne6# 0-1

[Event "4NCL/Div2/RIC vs. W&S"]
[Site "Birmingham ENG"]
[Date "2001.09.23"]
[Round "2.5"]
[White "Phillips, Roy"]
[Black "Dickinson, Tim R"]
[Result "1/2-1/2"]
[WhiteElo "2240"]
[BlackElo "2140"]
[PlyCount "34"]
[EventDate "2001.09.23"]
[SourceDate "2001.01.01"]

1. e4 c6 2. d4 d5 3. exd5 cxd5 4. c4 Nf6 5. Nc3 e6 6. Nf3 Bb4 7. Bd3 dxc4 8.
Bxc4 O-O 9. O-O b6 10. Bg5 Bb7 11. Rc1 Nbd7 12. Re1 Be7 13. d5 exd5 14. Nxd5
Bxd5 15. Bxd5 Nxd5 16. Qxd5 Bxg5 17. Nxg5 Nc5 1/2-1/2

[Event "4NCL/Div2/RIC vs. W&S"]
[Site "Birmingham ENG"]
[Date "2001.09.23"]
[Round "2.6"]
[White "Bourne, Johnathan D"]
[Black "Franklin, Michael J"]
[Result "1/2-1/2"]
[WhiteElo "2008"]
[BlackElo "2253"]
[PlyCount "58"]
[EventDate "2001.09.23"]
[SourceDate "2001.01.01"]

1. e4 c5 2. Nf3 a6 3. c3 d5 4. exd5 Qxd5 5. d4 e6 6. Be2 Nf6 7. O-O Nc6 8. dxc5
Qxd1 9. Rxd1 Bxc5 10. Nbd2 O-O 11. Nb3 Ba7 12. Bg5 Ne4 13. Be3 Bxe3 14. fxe3
Nf6 15. h3 b6 16. Nbd4 Ne7 17. Ne5 Bb7 18. Bf3 Bxf3 19. Ndxf3 Ned5 20. Rd3 h6
21. c4 Ne7 22. Nd7 Nxd7 23. Rxd7 Nc6 24. Rad1 Rfc8 25. R1d6 Rab8 26. b3 b5 27.
cxb5 axb5 28. Nd4 Nxd4 29. Rxd4 Kf8 1/2-1/2

[Event "4NCL/Div2/RIC vs. W&S"]
[Site "Birmingham ENG"]
[Date "2001.09.23"]
[Round "2.7"]
[White "Nixon, Thomas CM"]
[Black "Chapman, Graham W"]
[Result "1-0"]
[WhiteElo "2137"]
[BlackElo "1984"]
[PlyCount "91"]
[EventDate "2001.09.23"]
[SourceDate "2001.01.01"]

1. d4 Nf6 2. c4 c5 3. d5 b5 4. cxb5 a6 5. f3 d6 6. e4 g6 7. Nc3 Bg7 8. Be3 O-O
9. a4 Nbd7 10. Nh3 Qa5 11. Nf2 Nb6 12. Bd2 Nbd7 13. Be2 Ne8 14. O-O Qd8 15. Qc2
Nc7 16. Ng4 axb5 17. axb5 Bb7 18. Qb3 Nb6 19. Ne3 Bd4 20. Kh1 e6 21. dxe6 Nxe6
22. Nc4 Bg7 23. Rxa8 Nxa8 24. Qa4 Nb6 25. Qa7 Nxc4 26. Bxc4 Qb8 27. Ra1 Rd8 28.
b6 Nd4 29. Bf4 Be5 30. Bxe5 dxe5 31. Bd5 Bxd5 32. Qxb8 Rxb8 33. Nxd5 Kf8 34.
Ra7 Nc6 35. Rc7 Nb4 36. Nxb4 cxb4 37. b7 Kg7 38. Kg1 Kf6 39. Kf2 Ke6 40. Ke3 h5
41. Kd3 f6 42. Kc4 Kd6 43. Rf7 Ke6 44. Rg7 g5 45. Kc5 b3 46. Kc6 1-0